| 000 | 00447nam a2200157 4500 | ||
|---|---|---|---|
| 001 | 143573 | ||
| 003 | ES-MaACL | ||
| 005 | 20230906200841.0 | ||
| 007 | t| | ||
| 008 | 070214s1909 fr r ||||1| fre d | ||
| 100 | 1 |
_aSergent, Edmond. _9105544 |
|
| 245 | 1 | 0 |
_aDétermination des insectes piqueurs et suceurs de sang / _cEdmond Sergent. |
| 260 |
_aParis : _bDoin, _c1909. |
||
| 300 |
_aXII, 308 p. : _bil. ; _c19 cm. |
||
| 852 |
_aES-MaACL _jD-4307 |
||
| 999 |
_c143573 _d143573 |
||